000 00624nam a22002177a 4500
003 UA-OsUOA
001 125296
007 ta
008 20170913b un ||||| |||| 00| 0 ukr d
090 _a821.161.1
_bС56
942 _cBK
040 _aUA-OsUOA
_brus
_cUA-OsUOA
_dUA-OsUOA
245 _aСовременная японская литература 1945-1978
300 _a703 с.
955 _a3
041 _arus
080 _a821.161.1
260 _aМ.
_bХудожественная литература
_c1980
650 7 _a82 Література. Літературознавство
_2UDC
999 _c412529
_d412529